01313cam a2200313M 4500001002200000003000700022005001700029007000700046008004100053040002600094020001700120020001800137020002400155020002500179035002100204050002400225100001900249245006700268260003100335300002100366500003300387650005400420856009500474856010000569942000700669506015000676506015400826999001900980daughtersofcain00dextCaSfIA20210118001045.0cr||||950405s1994 nyua 000 1 eng d aBNYcBNYdBYPdCaSfIA a0708988695 : a9780708988695 a0804113645 (pbk.) : a9780804113649 (pbk.) a(OCoLC)317544834 4aPR6054.E96bD3 19951 aDexter, Colin.14aThe daughters of Cain /h[electronic resource] cColin Dexter. aNew York :bCrown,cc1994. a423 p. ;c23 cm. aPublished also by Ivy Books. 0aMorse, Inspector (Fictitious character)xFiction.41uhttp://www.archive.org/details/daughtersofcain00dextzFree eBook from the Internet Archive42uhttp://www.openlibrary.org/books/OL9832080MzAdditional information and access via Open Library cEB fНеобхідна авторизація на https://archive.org/ (створення облікового запису безкоштовно) fНеобхідна авторизація на https://openlibrary.org/ (створення облікового запису безкоштовно) c486666d486666